Handbook of mechanical alloy design / (Record no. 527620)
[ view plain ]
| 000 -LEADER | |
|---|---|
| fixed length control field | 01464cam a22003734a 4500 |
| 001 - CONTROL NUMBER | |
| control field | 13382302 |
| 003 - CONTROL NUMBER IDENTIFIER | |
| control field | NUST |
| 005 - DATE AND TIME OF LATEST TRANSACTION | |
| control field | 20210813095441.0 |
| 008 - FIXED-LENGTH DATA ELEMENTS--GENERAL INFORMATION | |
| fixed length control field | 031023s2004 nyua bf 001 0 eng |
| 010 ## - LIBRARY OF CONGRESS CONTROL NUMBER | |
| LC control number | 2003064018 |
| 020 ## - INTERNATIONAL STANDARD BOOK NUMBER | |
| International Standard Book Number | 0824743083 (alk. paper) |
| 038 ## - RECORD CONTENT LICENSOR | |
| Staff Name | khadija |
| 040 ## - CATALOGING SOURCE | |
| Original cataloging agency | DLC |
| Transcribing agency | DLC |
| Modifying agency | DLC |
| 042 ## - AUTHENTICATION CODE | |
| Authentication code | pcc |
| 050 00 - LIBRARY OF CONGRESS CALL NUMBER | |
| Classification number | TN698 |
| Item number | .H36 2004 |
| 082 00 - DEWEY DECIMAL CLASSIFICATION NUMBER | |
| Classification number | 671.37 |
| Edition number | 22 |
| Author Mark | HAN |
| 100 ## - MAIN ENTRY--PERSONAL NAME | |
| Personal name | Totten, George E. |
| 9 (RLIN) | 18964 |
| 245 00 - TITLE STATEMENT | |
| Title | Handbook of mechanical alloy design / |
| Statement of responsibility, etc. | edited by George E. Totten, Lin Xie, Kiyoshi Funatani. |
| 260 ## - PUBLICATION, DISTRIBUTION, ETC. | |
| Place of publication, distribution, etc. | New York : |
| Name of publisher, distributor, etc. | M. Dekker, |
| Date of publication, distribution, etc. | c2004. |
| 300 ## - PHYSICAL DESCRIPTION | |
| Extent | viii, 734 p. : |
| Other physical details | ill. ; |
| Dimensions | 27 cm. |
| 490 1# - SERIES STATEMENT | |
| Series statement | Mechanical engineering ; |
| Volume/sequential designation | 164 |
| 504 ## - BIBLIOGRAPHY, ETC. NOTE | |
| Bibliography, etc. note | Includes bibliographical references and index. |
| 563 ## - BINDING INFORMATION | |
| Binding note | hard cover |
| 650 #0 - SUBJECT ADDED ENTRY--TOPICAL TERM | |
| Topical term or geographic name entry element | Mechanical alloying |
| Form subdivision | Handbooks, manuals, etc. |
| 9 (RLIN) | 18965 |
| 700 1# - ADDED ENTRY--PERSONAL NAME | |
| Personal name | Totten, George E. |
| 9 (RLIN) | 18964 |
| 700 1# - ADDED ENTRY--PERSONAL NAME | |
| Personal name | Xie, Lin, |
| Dates associated with a name | 1963- |
| 9 (RLIN) | 18966 |
| 700 1# - ADDED ENTRY--PERSONAL NAME | |
| Personal name | Funatani, Kiyoshi. |
| 9 (RLIN) | 18967 |
| 830 #0 - SERIES ADDED ENTRY--UNIFORM TITLE | |
| Uniform title | Mechanical engineering (Marcel Dekker, Inc.) ; |
| Volume/sequential designation | 164. |
| 9 (RLIN) | 36219 |
| 856 42 - ELECTRONIC LOCATION AND ACCESS | |
| Materials specified | Book review (E-STREAMS) |
| Uniform Resource Identifier | <a href="http://www.e-streams.com/es0710/es0710_3638.html">http://www.e-streams.com/es0710/es0710_3638.html</a> |
| 856 42 - ELECTRONIC LOCATION AND ACCESS | |
| Materials specified | Publisher description |
| Uniform Resource Identifier | <a href="http://www.loc.gov/catdir/enhancements/fy0647/2003064018-d.html">http://www.loc.gov/catdir/enhancements/fy0647/2003064018-d.html</a> |
| 906 ## - LOCAL DATA ELEMENT F, LDF (RLIN) | |
| a | 7 |
| b | cbc |
| c | orignew |
| d | 1 |
| e | ocip |
| f | 20 |
| g | y-gencatlg |
| 942 ## - ADDED ENTRY ELEMENTS (KOHA) | |
| Source of classification or shelving scheme | |
| Koha item type | Book |
| Withdrawn status | Lost status | Source of classification or shelving scheme | Damaged status | Not for loan | Permanent Location | Current Location | Shelving location | Date acquired | Full call number | Barcode | Date last seen | Price effective from | Koha item type | Public note |
|---|---|---|---|---|---|---|---|---|---|---|---|---|---|---|
| School of Mechanical & Manufacturing Engineering (SMME) | School of Mechanical & Manufacturing Engineering (SMME) | Reference | 08/01/2019 | 671.37 HAN | SMME-3467 | 08/01/2019 | 08/01/2019 | Book | Rack,12-Shelf,4 |
